Les joueurs vendus par l'Olympique Lyonnais (depuis 2010) - Statistiques

Statistiques générales
  • Ce quiz a été pris 597 fois
  • Le résultat moyen est 7 sur 17
Statistiques - réponses
Prix Année Joueur % Correct
53M€ 2017 Alexandre Lacazette
96%
60M€ 2019 Tanguy Ndombele
88%
41,5M€ 2017 Corentin Tolisso
87%
19,75M€ 2019 Nabil Fekir
87%
48M€ 2019 Ferland Mendy
73%
25M€ 2016 Samuel Umtiti
68%
24M€ 2018 Mariano Diaz
37%
15M€ 2012 Hugo Lloris
34%
11,5M€ 2011 Miralem Pjanic
27%
14M€ 2015 Clinton Njie
22%
15M€ 2018 Mouctar Diakhaby
21%
20M€ 2018 Willem Geubbels
20%
16M€ 2017 Emanuel Mammana
18%
10M€ 2013 Dejan Lovren
17%
11M€ 2011 Jérémy Toulalan
10%
10M€ 2018 Jean-Philippe Mateta
7%
10M€ 2018 Myziane Maolida
7%
Aucun quiz correspondant
Distribution des résultats
% des personnes avec chaque résultat
Percentile par nombre de réponses
Votre historique - résultats
Vous n’avez pas pris ce quiz